Constraint networks: techniques and algorithms

Salvato in:
Dettagli Bibliografici
Autore principale: Lecoutre, Christophe (Autore)
Natura: Libro
Lingua:inglese
Pubblicazione: Londres ISTE Ltd. 2009
Hoboken John Wiley and Sons Inc. 2009
Edizione:1a. ed
Soggetti:
Tags: Aggiungi Tag
Nessun Tag, puoi essere il primo ad aggiungerne!!

MARC

LEADER 00000cam a2200000 a 4500
001 UCE2040
003 CL-VaPUC
008 140605e20090000uk |||||||||||||||||eng|d
020 |a 9781848211063 
082 0 4 |a 005.1  |b LEC  |2 21 
100 0 |a Lecoutre, Christophe  |e author  |9 574511 
245 1 0 |a Constraint networks: techniques and algorithms 
250 |a 1a. ed 
300 |a 586 p 
942 |c BK 
945 |d 20140605 14:22:00  |a dcastane 
260 |a Londres  |b ISTE Ltd.  |c 2009 
260 |a Hoboken  |b John Wiley and Sons Inc.  |c 2009 
650 7 |a PROGRAMACION CON RESTRICCIONES  |2 CL-VaPUC  |9 574512 
650 0 |a Programación de computadores   |9 259531 
650 0 |a Control de variables  |9 574513 
650 7 |a METODOS DE PROGRAMACION  |2 CL-VaPUC  |9 574514 
650 0 |a Redes de computadores  |9 263293 
583 |a last modification  |c 20140605 14:22:00  |k Rodrigo Vera 
999 |c 355719  |d 355717 
952 |0 0  |1 0  |3 erd  |4 0  |6 005_100000000000000_LEC_2009_2009  |7 0  |8 A  |9 462547  |a BIBING  |b BIBING  |i 5082234  |o 005.1 LEC 2009 2009  |p 5082234  |r 2024-01-25  |w 2019-11-23  |y BK  |z Catalogado en:20140605  |k CCI 
952 |0 0  |1 0  |3 erd  |4 0  |6 005_100000000000000_LEC_2009_2009  |7 0  |8 A  |9 462548  |a BIBING  |b BIBING  |i 5083419  |o 005.1 LEC 2009 2009  |p 5083419  |r 2024-01-25  |w 2019-11-23  |y BK  |z Catalogado en:20140612  |k CCI